Score 0/16 Timer 02:00
0 Plays Today
% Correct
John
95.2%
George
91.8%
Bush
85%
William
83.7%
Adams
82.3%
James
82.3%
Roosevelt
79.6%
Johnson
74.8%
% Correct
Harrison
72.1%
Franklin
63.9%
Andrew
59.9%
Thomas
53.7%
Jefferson
47.6%
Wilson
45.6%
Herbert
37.4%
Walker
33.7%
Remove Ads.
Support Sporcle.
Get the best of Sporcle when you Go Orange. This ad-free experience offers more features, more stats, and more fun while also helping to support Sporcle. Thank you for becoming a member.

You're not logged in!

Compare scores with friends on all Sporcle quizzes.
OR
Log In

Show Comments

Extras

Top Quizzes Today


Score Distribution

Your Account Isn't Verified!

In order to create a playlist on Sporcle, you need to verify the email address you used during registration. Go to your Sporcle Settings to finish the process.

Report this User

Report this user for behavior that violates our Community Guidelines.

Details: